Unit 8.1-8.2 Math Vocab - Statistics

General Stats
  • This quiz has been taken 4 times
  • The average score is 4 of 5
Answer Stats
Question Answer % Correct
Squared A term raised to the power of 2
100%
Cubed A term raised to the power of 3
100%
Base The repeated factor
75%
Exponent Shows the number of times the factor is repeated
50%
Power An expression which consists of two parts, the base and the exponent
25%
No matching quizzes found
Score Distribution
Percent of People with Each Score
Percentile by Number Answered
Your Score History
You have not taken this quiz